Guess the Special Forces Unit! - Statistics

General Stats
  • This quiz has been taken 25 times
  • The average score is 7 of 24
Answer Stats
Hint Answer % Correct
Famous American Army Tier 1 Special Forces Unit Delta Force
83%
Extremely Famous American Navy Tier 1 Special Forces Unit Navy SEALs
78%
Extremely Famous British Army Special Forces Special Air Service
70%
Famous American Army Special Forces Unit Green Berets
61%
Famous British Navy Special Forces Special Boat Service
52%
Extremely well-known Russian Special Forces Spetsnaz
43%
Most well-known Canadian Special Forces Joint Task Force 2
39%
Most famous Israeli Special Forces Sayeret Matkal
30%
The most elite Special Forces group under the Australian Special Operations Command Special Air Service Regiment
26%
Famous Polish Special Forces Unit JW GROM
22%
Irish Special Forces Group Army Ranger Wing
17%
This German Special Forces Group is also known as the KSK Kommando Spezialkräfte
17%
Lesser-known British Army Special Forces Unit Special Reconnaissance Regiment
17%
1 of the 2 Special Forces Regiments under the Commando Regiment of the Australian Special Operations Command 2nd Commando Regiment
13%
Most famous Danish Special Forces Group. Frogman Corps
13%
Lesser known Danish Special Forces Group. Jaeger Corps
13%
Austrian Special Forces Jagdkommando
13%
1 of the 2 Special Forces Regiments under the Commando Regiment of the Australian Special Operations Command 1st Commando Regiment
9%
Dutch Special Forces Unit. Korps Commandotroepen
9%
Most well-known Indian Special Forces Group, and are from the Navy MARCOS
9%
The only Special Forces Unit New Zealand has. 1st New Zealand Special Air Service Regiment
4%
Brunei Special Forces Special Forces Regiment
4%
Albanian Special Forces Special Operations Regiment
4%
Belgian Land Component Special Forces Group Special Operations Regiments
4%
No matching quizzes found
Score Distribution
Percent of People with Each Score
Percentile by Number Answered
Your Score History
You have not taken this quiz